Diseño de una metodología para el aseguramiento de la calidad del sector microempresarial turístico para el I.C.T

Bewaard in:
Bibliografische gegevens
Hoofdauteur: Araya, Rodolfo
Andere auteurs: Jiménez, Alvaro
Formaat: Boek
Gepubliceerd in: San José, Costa Rica 1993
Onderwerpen:
Tags: Voeg label toe
Geen labels, Wees de eerste die dit record labelt!

MARC

LEADER 00000nam a2200000Ia 4500
003 007423
005 20221231144304.0
008 140114s1993 cr a m 000 ||s d
040 |c cru CEDI 
090 |a TFG 3138 
100 |a Araya, Rodolfo  |9 11363 
245 |a Diseño de una metodología para el aseguramiento de la calidad del sector microempresarial turístico para el I.C.T 
260 |c 1993  |a San José, Costa Rica 
300 |a iii, [258] hojas : ilustraciones ; 28 cm.  
500 |a  Proyecto de graduación (licenciatura en ingeniería industrial)--Universidad de Costa Rica. Facultad de Ingeniería. Escuela de Ingeniería Industrial 
650 |x TURISMO   |x COSTA RICA  |9 7399 
700 |9 11364  |a Jiménez, Alvaro 
942 |c TFG 
999 |c 19637  |d 19637